000 00448nam a2200157 i 4500
001 38072
003 ES-MaACL
005 20230906155706.0
007 t|
008 030224s1971 xxu ||||1| spa d
100 1 _aCabrera, Lydia.
_933292
245 1 0 _aAyapa
_b: cuentos de jicotea /
_cLydia Cabrera.
260 _aMiami :
_bUniversal,
_c[1971] (
_eZaragoza :
_fCometa, Imp.)
300 _a269 p. ;
_c19 cm.
852 _aES-MaACL
_jC-45395
_bR.78567
999 _c38072
_d38072